000 00756nam a2200217 i 4500
001 171481
003 ES-MaACL
005 20250712081416.0
008 090518s1980 fr |||| | fre d
020 _a2-264-00263-8
080 _a821.133.1-31"18"
100 1 _aTalon, Jean-Louis.
_9140199
245 1 3 _aLa Marquesita
_b: roman de moeurs espagnoles /
_cpar Jean-Louis Talon ; préface de Roland Stragliati.
260 _aParis :
_bUnion Générale d'Editions,
_c1980.
300 _a317 p. ;
_c18 cm.
490 1 _a10-18 ;
_v1359.
_aFins de siècles
700 1 _aStragliati, Roland.
_9140200
830 0 _a10/18
_v1359.
_9187194
852 4 _aES-MaACL
_jE-12645
_9R.140229
_z. - Biblioteca Jacinto Martínez Lacalle
999 _c171481
_d171481